00556nam a2200193Ia 450000500170000000800410001702000140005804000190007204100120009108200170010324500580012026000320017830000150021050400500022565000190027565100340029470000240032885000100035220221118102857.0131103s9999 xx 000 0 und d a333608909 aLoreto College aEnglish a821.709bKIT aColeridge,Keats and Shelleycedited by Peter J.Kitson aHoundsmillbMacmillanc1996 aix,241 p.  aIncludes bibliographical references and index aEnglish Poetry a19th century - Romantic Poets aKitson,Peter J.,ed. aLCLIB